|
|
|
|
| LEADER |
02080nkm a2200541 a 4500 |
| 001 |
mzk03001182059 |
| 003 |
CZ BrMZK |
| 005 |
20121024143239.0 |
| 007 |
kl|ao| |
| 008 |
120731s1723 xr ||| f || l|ger|d |
| 040 |
|
|
|a BOA001
|b cze
|
| 072 |
|
7 |
|a 72
|x Architektura
|2 Konspekt
|9 21
|
| 072 |
|
7 |
|a 74
|x Kresba. Umělecká řemesla
|2 Konspekt
|9 21
|
| 080 |
|
|
|a (083.92)
|2 MRF
|
| 080 |
|
|
|a (437.322)
|2 MRF
|
| 080 |
|
|
|a 930.253
|2 MRF
|
| 080 |
|
|
|a 72.012.24
|2 MRF
|
| 080 |
|
|
|a 726.71
|2 MRF
|
| 080 |
|
|
|a 721:904
|2 MRF
|
| 080 |
|
|
|a 741/744:72
|2 MRF
|
| 080 |
|
|
|a (0.026.6)76
|2 MRF
|
| 100 |
1 |
|
|a Santini, Jan Blažej,
|d 1677-1723
|7 jn20000728589
|4 aut
|
| 245 |
1 |
0 |
|a [Nedokončený půdorys I. patra konventní budovy]
|h [grafika]
|
| 255 |
|
|
|a Měřítko neuvedeno
|
| 260 |
|
|
|a [Rajhrad? :
|b Jan Blažej Santini-Aichel,
|c 1723]
|
| 300 |
|
|
|a 1 list :
|b kresba tuší ;
|c 44,4 x 59,5 cm
|
| 500 |
|
|
|a Rýsováno bez měřítka, pravděpodobné měřítko 15 cm = 16 sáhů (viz R - A - P. h. 1)
|
| 500 |
|
|
|a Filigrán: W
|
| 510 |
4 |
|
|a Horyna, M. Jan Blažej Santini-Aichel, 1998,
|c s. 450, P30
|
| 510 |
4 |
|
|a Švácha, R. Architectural drawings by Jan Santini - Aichel in Czech Collections, Umění 40, 1992,
|c s. 239
|
| 561 |
|
|
|a Provenience: [štítek] Moravský zemský archiv v Brně E6 Benediktýni Rajhrad
|
| 561 |
|
|
|a Provenience: [m.p.] E6 - Ph2
|
| 650 |
|
7 |
|a architektonická kresba
|7 ph118583
|2 czenas
|
| 650 |
|
7 |
|a kláštery
|7 ph121648
|2 czenas
|
| 650 |
|
7 |
|a půdorysy
|7 ph514318
|2 czenas
|
| 650 |
0 |
7 |
|a historické budovy
|7 ph120726
|2 czenas
|
| 650 |
|
7 |
|a archivní fondy
|7 ph118590
|2 czenas
|
| 655 |
|
7 |
|a grafické listy
|7 fd132404
|2 czenas
|
| 655 |
|
7 |
|a plány
|7 fd133026
|2 czenas
|
| 651 |
|
7 |
|a Rajhrad (Česko)
|7 ge130609
|2 czenas
|
| 856 |
4 |
1 |
|u http://www.digitalniknihovna.cz/mzk/uuid/uuid:b35c5b22-ea48-4a59-b960-71698ac4ade4
|y Digitalizovaný dokument
|
| 903 |
|
|
|a RP
|
| 910 |
|
|
|e BOE950
|c R - A - P. h. 2
|
| 985 |
|
|
|a 1701-1750
|
| 990 |
|
|
|a GP
|
| 996 |
|
|
|e BOE950
|c R - A - P. h. 2
|
| 980 |
|
|
|c 285005
|g R-A-P.h.2
|1 3281A0285005
|p 4429
|
| 991 |
|
|
|k rajhrad
|